000 01148nam a2200337 i 4500
001 bg
003 KOSZ 005
005 20201215101031.0
008 981030s1986 pl a f f |000 0 pol
015 _aPB 1987/1459
035 _a(OCoLC)835888286
040 _aWA N
_cKOSZ 005/HR
_dKOSZ 005/HR
041 0 _apol
080 _a621.86/.87
080 _a(075.8)
100 1 _aMarkowski, Marian.
_eAutor
245 1 0 _aPrzenośniki.
_nCz. 2 /
_cMarian Markowski.
250 _aWyd. 2 popr. i uzup.
260 _aŁódź :
_bPŁ,
_c1986
_e(Łódź :
_fPŁ).
300 _a173 s., [8] k. tabl. :
_brys., wykr. ;
_c24 cm.
380 _aKsiążki.
490 1 _aSkrypty dla Szkół Wyższych / Politechnika Łódzka.
504 _aBibliogr. s. 172-173.
521 _aDla studentów Wydziału Mechanicznego Politechnik.
658 _aInżynieria i technika
655 4 _aPodręczniki akademickie
650 4 _aPrzenośniki
856 _uhttp://koha.tu.koszalin.pl/cgi-bin/koha/opac-detail.pl?biblionumber=3287
_yKatalog online BPK
830 0 _aSkrypty dla Szkół Wyższych - Politechnika Łódzka
942 _2UKD
_cKS
999 _c3287
_d3287